Welcome to CU Library Online Public Access Catalogue (OPAC)

RITUAL (Record no. 7333)

MARC details
000 -LEADER
fixed length control field 00404nam a22001457a 4500
005 - DATE AND TIME OF LATEST TRANSACTION
control field 20250821154206.0
008 - FIXED-LENGTH DATA ELEMENTS--GENERAL INFORMATION
fixed length control field 250821b |||||||| |||| 00| 0 eng d
020 ## - INTERNATIONAL STANDARD BOOK NUMBER
International Standard Book Number 9780195110524
050 ## - LIBRARY OF CONGRESS CALL NUMBER
Classification number BL 600
Item number BEL
100 ## - MAIN ENTRY--PERSONAL NAME
Personal name BELL, CATHERINE
245 ## - TITLE STATEMENT
Title RITUAL
Remainder of title Perspectives and Dimensions
Statement of responsibility, etc. CATHERINE BELL
260 ## - PUBLICATION, DISTRIBUTION, ETC.
Place of publication, distribution, etc. NEW YORK
Name of publisher, distributor, etc. OXFORD UNIVERSITY PRESS
Date of publication, distribution, etc. c1997
300 ## - PHYSICAL DESCRIPTION
Extent xv, 351p.;
942 ## - ADDED ENTRY ELEMENTS (KOHA)
Source of classification or shelving scheme Library of Congress Classification
Koha item type Books
Suppress in OPAC No
999 ## -
-- 7333
-- 7333
Holdings
Withdrawn status Lost status Source of classification or shelving scheme Damaged status Not for loan Collection Home library Current library Shelving location Date acquired Total checkouts Full call number Barcode Date last seen Price effective from Koha item type
    Library of Congress Classification     Non-fiction Undergraduate Library (Christ Temple) Undergraduate Library (Christ Temple) General stacks 08/21/2025   BL 600 BEL ulct00004416 08/21/2025 08/21/2025 Books
© 2023-2024 Copyright: Central University Libraries. All Rights Reserved | Created by: Mahone Tech Office